000 00623cam a22002053a 4500
001 33687
003 PGUSA
005 20140828083729.0
008 100909s2010||||xxu|||||s|||||000 | eng d
040 _aPGUSA
_beng
042 _adc
100 1 _aGoodrich, Samuel G.
_q(Samuel Griswold),
_d1793-1860
245 1 0 _aIllustrative Anecdotes of the Animal Kingdom
_h[electronic resource] /
_cSamuel G. Goodrich
260 _bProject Gutenberg,
_c2010
506 _aPublic domain in the USA.
516 _aElectronic text
830 0 _aProject Gutenberg
_v33687
856 4 0 _uhttp://www.gutenberg.org/ebooks/33687
942 _cEB
999 _c262942
_d262942